Study Guide to Company Macroeconomics. (Record no. 700)

MARC details
005 - DATE AND TIME OF LATEST TRANSACTION
control field 20250315092728.0
020 ## - INTERNATIONAL STANDARD BOOK NUMBER
International Standard Book Number 0-07-551435-4
082 ## - DEWEY DECIMAL CLASSIFICATION NUMBER
Classification number 339 WAL
100 ## - MAIN ENTRY--PERSONAL NAME
Author name WALSTAD, W.B.
245 ## - TITLE STATEMENT
Title Study Guide to Company Macroeconomics.
250 ## - EDITION STATEMENT
Edition statement 6th Ed.
260 ## - PUBLICATION, DISTRIBUTION, ETC.
Place of publication, distribution, etc. New York,
Name of publisher, distributor, etc. Mcgraw- Hill Ryerson Limited,
Date of publication, distribution, etc. 1993.
300 ## - PHYSICAL DESCRIPTION
Extent 297p.:
Other physical details Glossary.
Dimensions 25cm.
700 ## - ADDED ENTRY--PERSONAL NAME
Other authors/Editors ROBERT, C. BINGHAM. & CYRIL, J.GRANT.
942 ## - ADDED ENTRY ELEMENTS (KOHA)
Source of classification or shelving scheme Dewey Decimal Classification
Koha item type Books
Holdings
Date last seen Total checkouts Full call number Barcode Cost, replacement price Price effective from Koha item type Lost status Source of classification or shelving scheme Damaged status Not for loan Withdrawn status Home library Current library Shelving location Date acquired Cost, normal purchase price
06/27/2025   399 McC DOM0003418 135000.00 06/27/2025 Books   Dewey Decimal Classification       CBE Dodoma CBE Dodoma General Collection 04/26/2010 45000.00
06/27/2025   399 McC DOM0003176 135000.00 06/27/2025 Books   Dewey Decimal Classification       CBE Dodoma CBE Dodoma General Collection 04/26/2010 45000.00
06/27/2025   399 McC DOM0003245 135000.00 06/27/2025 Books   Dewey Decimal Classification       CBE Dodoma CBE Dodoma General Collection 04/26/2010 45000.00
06/27/2025   399 McC DOM0003182 135000.00 06/27/2025 Books   Dewey Decimal Classification       CBE Dodoma CBE Dodoma General Collection 04/26/2010 45000.00
06/27/2025   399 McC DOM0003171 135000.00 06/27/2025 Books   Dewey Decimal Classification       CBE Dodoma CBE Dodoma General Collection 04/26/2010 45000.00
03/15/2025   339 WAL 0000002779 30000.00 03/15/2025 Books   Dewey Decimal Classification       College of Business Education Main Library College of Business Education Main Library General Collection 03/15/2025 10000.00